000 00402nam a2200169Ia 4500
008 221030s9999 xx 000 0 und d
020 _a00746040007
041 _aEnglish
082 _a105.23
_bBar
100 _aT. C. Bartee
245 0 _aDigital Computer fundamentals
_cby T. C. Bartee
250 _a6th
260 _bTMH
_aNew Delhi
_c2000
300 _a610
650 _aBE Computer
942 _cBK
999 _c2361
_d2361